Die Wiederentdeckung des epikureischen Naturrechts. Zu Thomas Hobbes' philosophischer Entwicklung von De Cive zum Leviathan im Pariser Exil, 1640-1651
Spremljeno u:
| Glavni autor: | |
|---|---|
| Format: | Knjiga |
| Izdano: |
Frankfurt am Main, Deutschland:
Vittorio Klostermann,
1998.
|
| Serija: | Philosophische Abhandlungen,
75. |
| Teme: | |
| Oznake: |
Dodaj oznaku
Bez oznaka, Budi prvi tko označuje ovaj zapis!
|
MARC
| LEADER | 00000nam a22000007a 4500 | ||
|---|---|---|---|
| 003 | CL-VaPUC | ||
| 005 | 20220822114826.0 | ||
| 008 | 220805t1998 ||||| |||| 00| 0 eng d | ||
| 999 | |c 438045 |d 438043 | ||
| 020 | |a 3-465-02998-4 | ||
| 040 | |c Pontificia Universidad Católica de Valparaíso | ||
| 082 | |a 340.112 LUD 1998 | ||
| 100 | 1 | |a Ludwig, Bernd |e autor |9 874940 | |
| 245 | |a Die Wiederentdeckung des epikureischen Naturrechts. |b Zu Thomas Hobbes' philosophischer Entwicklung von De Cive zum Leviathan im Pariser Exil, 1640-1651 | ||
| 260 | |a Frankfurt am Main, Deutschland: |b Vittorio Klostermann, |c 1998. | ||
| 300 | |a 480 páginas. | ||
| 490 | |a Philosophische Abhandlungen, |v 75. | ||
| 500 | |a c.1 Donación Familia Prof. Alejandro Guzmán Brito. | ||
| 583 | |c 20220805 |k Cristina María Rojas Aguilar | ||
| 600 | 0 | |a Hobbes, Thomas |9 871810 |d 1588-1679 |x Crítica e interpretación | |
| 650 | |a Derecho natural |9 255041 | ||
| 942 | |2 ddc |c BK |n 0 | ||
| 952 | |0 0 |1 0 |2 ddc |4 0 |6 340_112000000000000_LUD_1998 |7 0 |8 C_AGB |9 585920 |a BIBDER |b BIBDER |d 2022-08-05 |e Donación |i 5653860 |o 340.112 LUD 1998 |p 5653860 |r 2023-01-25 |t 1 |w 2022-08-05 |y BK_US |k AGB | ||